Movies by Picture - A - Statistics

General Stats
  • This quiz has been taken 1,268 times
  • The average score is 10 of 16
Answer Stats
Picture Answer % Correct
Avatar
99%
Alien
92%
Aquaman
89%
Alice in Wonderland
86%
American Psycho
78%
Austin Powers: International Man of Mystery
77%
Ace Ventura: Pet Detective
71%
Amadeus
66%
Amélie
60%
American Beauty
57%
Armageddon
57%
The Aviator
55%
Argo
52%
Apocalypse Now
35%
The Amityville Horror
30%
Anatomy of a Fall
15%
No matching quizzes found
Score Distribution
Percent of People with Each Score
Percentile by Number Answered
Your Score History
You have not taken this quiz